Computer mathematics
Saved in:
| Main Author: | |
|---|---|
| Other Authors: | |
| Format: | Book |
| Language: | English |
| Published: |
Cambridge [Cambridgeshire] : New York :
Cambridge University Press,
1984
|
| Series: | Cambridge computer science texts ;
; 18 |
| Subjects: | |
| Tags: |
Add Tag
No Tags, Be the first to tag this record!
|
MARC
| LEADER | 00000cam a2200000 i 4500 | ||
|---|---|---|---|
| 001 | 1/37147 | ||
| 008 | 941103s1984 eng d | ||
| 020 | |a 0-521-25341-1 | ||
| 020 | |a 0-521-27324-2 | ||
| 035 | |l 10040430 | ||
| 035 | |a 1992 |b 1 |c Ανθουλιάς | ||
| 040 | |a GR-MY-UA |b gre |e aacr | ||
| 041 | 0 | |a eng | |
| 082 | 0 | |a 004.0151 |2 (19) | |
| 100 | 1 | |a Cooke, D. J. |q (Derek John) |d 1947- | |
| 245 | 1 | 0 | |a Computer mathematics / |c D. J. Cooke and H. E. Bez |
| 260 | |a Cambridge [Cambridgeshire] : |a New York : |b Cambridge University Press, |c 1984 | ||
| 300 | |a xii, 394 p.; |b ill.; |c 24 cm | ||
| 490 | 1 | |a Cambridge computer science texts |v ; 18 | |
| 504 | |a Περιέχει ευρετήριο | ||
| 650 | 0 | 0 | |a Computer science |x Mathematics. |
| 700 | 1 | |a Bez, H. E. | |
| 830 | 0 | |a Cambridge computer science texts ; |v ; 18 | |
| 852 | |a INST |b RHODES |e 19980929 |h 519.4 COO |p 005400008551 |q 005400008551 |t BK |y 0 | ||
| 852 | |a INST |b SAMOS |e 19941103 |h 004.0151 COO |p 005300002274 |q 005300002274 |t BK |y 0 | ||
| 909 | |a Σ |b 016963 | ||
| 909 | |a Ρ |b 022704 |c 1992 | ||